000 00514nam a2200181Ia 4500
008 190805s9999||||xx |||||||||||||| ||und||
020 _a9788123904009
_cRs. 295.00
082 0 4 _a530
_bN323
100 1 _aNelkon, Michael
245 1 0 _aAdvanced level Physics /
_cMichael Nelkon and Philip Parker
250 _a7th ed.
260 _aNew Delhi :
_bCBS Publishers,
_c1995
300 _axv, 927 p.
_b : ill.
_c; 21.5 cm.
650 0 _aPhysics
700 1 _aParker, Philip
942 _cBK
999 _c229
_d229